[Event "Open A"]
[Site "Moscow RUS"]
[Date "2010.01.31"]
[Round "2"]
[White "Belov, Vl"]
[Black "Ulko, J."]
[Result "1-0"]
[WhiteElo "2595"]
[BlackElo "2445"]
[PlyCount "87"]
[EventDate "2010.01.30"]

1. Nf3 Nf6 2. c4 g6 3. Nc3 Bg7 4. d4 O-O 5. e4 d6 6. Be2 e5 7. O-O Nc6 8. d5
Ne7 9. Ne1 Nd7 10. f3 f5 11. g4 h6 12. h4 Kh8 13. g5 f4 14. Kf2 hxg5 15. hxg5
Kg8 16. Nd3 Kf7 17. Rh1 Rh8 18. Bd2 Rxh1 19. Qxh1 c6 20. Bd1 cxd5 21. cxd5 Nb6
22. b3 Bd7 23. Rc1 Rc8 24. Ke1 Qh8 25. Qxh8 Rxh8 26. a4 a6 27. Nf2 Nec8 28. Be2
Bf8 29. b4 Be7 30. a5 Na8 31. b5 axb5 32. Bxb5 Ke8 33. Rb1 Bxb5 34. Nxb5 Bxg5
35. Kf1 Kd8 36. Kg2 Rh7 37. Bb4 Be7 38. Ba3 Bf8 39. Ng4 Rf7 40. Rc1 Be7 41.
Rxc8+ Kxc8 42. Bxd6 Bd8 43. Nxe5 Rf6 44. Na7# 1-0